| 000 | 01338nam a2200361 i 4500 | ||
|---|---|---|---|
| 001 | 195754 | ||
| 003 | SpMaBN | ||
| 005 | 20250825062653.0 | ||
| 008 | 24 s2018 sp a | |||| 000 0 spa | ||
| 015 | _aMON18 | ||
| 017 |
_aBA 542-2018 _bOficina Depósito Legal Badajoz |
||
| 020 | _a9788494881053 | ||
| 035 | _a(OCoLC)1100274598 | ||
| 035 | _aa6428936 | ||
| 040 |
_aSpMaBN _bspa _cSpMaBN _erda _dES-MaACL |
||
| 080 | _a75 Gandarias, Sofía | ||
| 080 | _a929(100)(0:75) | ||
| 080 | _a929 El Greco | ||
| 100 |
_aGandarias, Sofía, _d1951-2016 _eill _9193644 |
||
| 245 | 1 | 0 |
_aHomenaje a El Greco / _cSofía Gandarias. |
| 264 | 1 |
_a[Madrid] : _bFundación Yehudi Menuhin España, _c[2018]. |
|
| 300 |
_a139 p. : _bilustraciones (color) ; _c31 cm. |
||
| 600 | 0 |
_aGandarias, Sofía, _d1951-2016 _9193644 |
|
| 600 | 0 |
_aEl Greco _dca. 1541-1614 _vHomenajes _2embne _9237436 |
|
| 650 | 0 |
_aPersonas célebres _xRetratos _2embne _9237437 |
|
| 655 | 7 |
_aLibros ilustrados _2tgfbne _9193653 |
|
| 700 | 0 |
_aEl Greco _946893 |
|
| 852 |
_aES-MaACL _bR.152996 _cDEPOJ _jN-8762 _hDonación: Editorial _xEncuadernación en cartoné con sobrecubiertas _9204612 |
||
| 942 |
_cMONOGRAFIA _n0 |
||
| 999 |
_c195754 _d195754 |
||